| 000 | 01076nam a2200241 a 4500 | ||
|---|---|---|---|
| 003 | MX-MxUPN | ||
| 005 | 20240919063814.0 | ||
| 008 | 991125s1924 mx r 000 0 spa u | ||
| 035 | _aUPN01000031241 | ||
| 040 |
_aMX-MxUPN _bspa _cMX-MxUPN |
||
| 041 | 0 | _aspa | |
| 050 | 4 |
_aJ171 _bN5 1924a |
|
| 110 | 1 |
_aMéxico. _bPresidente (1920-1924 : Obregón) _928162 |
|
| 245 | 1 | 0 | _aInformes rendidos por el C. Gral. Alvaro Obregón ante el H. Congreso de la Unión durante, el período de 1921 a 1924, y contestaciones de los CC. Presidentes del citado Congreso en el mismo período. |
| 260 |
_aMéxico : _bTalleres Linotipográficos del Diario Oficial, _c1924. |
||
| 300 | _a1 volumen | ||
| 650 | 4 |
_aPresidentes _zMéxico _vInformes _96409 |
|
| 651 | 4 |
_aMéxico _xPolítica y gobierno _94512 |
|
| 710 | 1 |
_aMéxico. _bSecretaría de Educación Pública. _bBiblioteca Pública _951349 _epropietario anterior |
|
| 710 | 2 |
_aBiblioteca Pedagógica (México) _951641 _epropietario anterior |
|
| 710 | 2 |
_aMuseo Pedagógico Nacional (México) _951335 _epropietario anterior |
|
| 942 |
_2lcc _cLIBRO |
||
| 999 |
_c31241 _d31241 |
||